000 00355 a2200157 4500
001 70959
020 _a9788526280410
040 _cAnchieta - Itaigara
100 _aAnderson, Judith
240 1 0 _aEra uma vez um girino
_lpor
245 1 0 _aEra uma vez um girino
300 _a32
362 0 _a2010
650 4 _aLiteratura infanto-juvenil
942 _cBK
999 _c70959
_d70959